[Event "64. BEM 2010"]
[Site "Dortmund"]
[Date "2010.03.09"]
[Round "8.12"]
[White "Raskin, Vitali"]
[Black "Grube, Jörg"]
[Result "1-0"]
[WhiteElo "1653"]
[BlackElo "1730"]
[PlyCount "81"]
[EventDate "2010.??.??"]
[Source "SG Dortmund"]
[SourceDate "2004.12.16"]

1. d4 Nf6 2. c4 g6 3. Nf3 Bg7 4. Nc3 O-O 5. e4 d6 6. Qc2 c6 7. Be2 Nbd7 8. O-O
e5 9. dxe5 dxe5 10. Bg5 Qc7 11. Rac1 Nc5 12. b4 Ne6 13. Rfd1 Nf4 14. Qd2 Nxe2+
15. Qxe2 Bg4 16. h3 Be6 17. Nd5 cxd5 18. cxd5 Qb6 19. dxe6 Qxe6 20. Rc7 Rab8
21. Bxf6 Bxf6 22. Rdd7 Bd8 23. Rxb7 Rxb7 24. Rxb7 Bb6 25. Qb2 Qc6 26. Re7 Qxe4
27. Rxe5 Qf4 28. Qc3 Rd8 29. Re1 h5 30. a4 Qf5 31. a5 Rc8 32. Qb2 Bc7 33. Rc1
Rd8 34. Kh1 Bf4 35. Re1 g5 36. b5 Bb8 37. Qe2 Qf4 38. Qe7 Rd5 39. Qb7 Rd3 40.
Re8+ Kg7 41. Qxb8 1-0

[Event "64. BEM 2010"]
[Site "Dortmund"]
[Date "2010.03.09"]
[Round "8.13"]
[White "Türtmann, Werner"]
[Black "Ziemek, Gerhard"]
[Result "1-0"]
[WhiteElo "1579"]
[BlackElo "1717"]
[PlyCount "120"]
[EventDate "2010.??.??"]
[Source "SG Dortmund"]
[SourceDate "2004.12.16"]

1. e4 e5 2. Bc4 Nc6 3. Nf3 Nd4 4. c3 Nxf3+ 5. Qxf3 Nf6 6. d3 Be7 7. Bg5 O-O 8.
Bxf6 Bxf6 9. O-O a5 10. a3 c6 11. Qe2 d5 12. exd5 cxd5 13. Ba2 b6 14. Nd2 Ba6
15. c4 e4 16. Rab1 dxc4 17. dxc4 Re8 18. Rfd1 Qe7 19. Nf1 Rac8 20. Ne3 Qe6 21.
b4 axb4 22. axb4 Bg5 23. b5 Bxe3 24. fxe3 Bb7 25. c5 Qg6 26. c6 Bxc6 27. bxc6
Rxc6 28. Rd7 Rf6 29. Rf1 Rf8 30. Rxf6 Qxf6 31. Qf1 Qxf1+ 32. Kxf1 g6 33. Re7
Kg7 34. Rxe4 Ra8 35. Bd5 Ra1+ 36. Kf2 f5 37. Re7+ Kh6 38. Bg8 g5 39. Rxh7+ Kg6
40. Rc7 b5 41. Bh7+ Kf6 42. Rc6+ Kf7 43. Bxf5 b4 44. Be6+ Ke7 45. Rb6 Rb1 46.
Bd5 Rb2+ 47. Kg3 Kd7 48. Kg4 Kc7 49. Rc6+ Kd7 50. Rg6 Rd2 51. Bf3 b3 52. Rb6 b2
53. Kxg5 Ke7 54. h4 Kf8 55. h5 Kg8 56. h6 Kf8 57. Rb8+ Ke7 58. h7 b1=Q 59. Rxb1
Rd8 60. Rb7+ Kf8 1-0

[Event "64. BEM 2010"]
[Site "Dortmund"]
[Date "2010.03.09"]
[Round "8.14"]
[White "Rzoczek, Christoph"]
[Black "Schultz, Bernfried"]
[Result "0-1"]
[WhiteElo "1468"]
[BlackElo "1710"]
[PlyCount "66"]
[EventDate "2010.??.??"]
[Source "SG Dortmund"]
[SourceDate "2004.12.16"]

1. e4 e5 2. Bc4 Nf6 3. d3 Be7 4. Nf3 O-O 5. O-O d6 6. h3 Nc6 7. Nc3 Na5 8. Bb3
c6 9. Bg5 Ne8 10. Qd2 Nxb3 11. axb3 a6 12. Ne2 f5 13. exf5 Bxf5 14. Bxe7 Qxe7
15. Nh2 d5 16. Rae1 Rd8 17. Ng3 Bg6 18. Qe3 e4 19. f4 d4 20. Qe2 e3 21. Ng4 Nd6
22. Ne5 Qe6 23. Nxg6 Qxg6 24. Qf3 Nf5 25. Nxf5 Qxf5 26. g4 Qe6 27. Re2 Rf7 28.
Kg2 Rdf8 29. f5 Qd6 30. Qe4 g6 31. Qe6 Qxe6 32. fxe6 Rxf1 33. e7 R8f2+ 0-1

[Event "64. BEM 2010"]
[Site "Dortmund"]
[Date "2010.03.09"]
[Round "8.15"]
[White "Siwy, Boguslaw"]
[Black "Skoecz, Horst"]
[Result "1-0"]
[WhiteElo "1479"]
[BlackElo "1349"]
[PlyCount "77"]
[EventDate "2010.??.??"]
[Source "SG Dortmund"]
[SourceDate "2004.12.16"]

1. e4 Nc6 2. d4 d5 3. e5 a6 4. f4 Qd7 5. c3 Qg4 6. Nf3 Nh6 7. Qe2 Nf5 8. g3 Qh5
9. Rg1 Qh6 10. Nbd2 g6 11. Qf2 e6 12. Nb3 b6 13. Bd3 Bb7 14. g4 Nfe7 15. f5 Qg7
16. f6 Qg8 17. fxe7 Bxe7 18. Bf4 h6 19. O-O-O b5 20. Qe2 b4 21. c4 g5 22. Be3
a5 23. cxd5 exd5 24. Qc2 f6 25. Bb5 Qe6 26. exf6 Bxf6 27. Rde1 O-O 28. Nc5 Qf7
29. Nxb7 Nd8 30. Nc5 c6 31. Ba4 Ra7 32. Rgf1 Rc7 33. h4 Qh7 34. Qxh7+ Kxh7 35.
hxg5 Bg7 36. gxh6 Rxf3 37. Rxf3 Bxh6 38. Rh1 Nf7 39. g5 1-0

[Event "64. BEM 2010"]
[Site "Dortmund"]
[Date "2010.03.09"]
[Round "8.16"]
[White "Vogt, Christian"]
[Black "Noori, Mir Ahmad"]
[Result "1/2-1/2"]
[WhiteElo "1357"]
[BlackElo "1566"]
[PlyCount "77"]
[EventDate "2010.??.??"]
[Source "SG Dortmund"]
[SourceDate "2004.12.16"]

1. d4 g6 2. c4 Bg7 3. Nc3 e6 4. Nf3 Ne7 5. g3 d6 6. Bg2 h6 7. O-O O-O 8. Rb1 a6
9. Ne1 Nd7 10. Nc2 Kh7 11. Qd3 e5 12. b4 Nf5 13. e3 exd4 14. exd4 Rb8 15. Bf4
b6 16. Rfe1 Qf6 17. Nd5 Qd8 18. Nde3 Nf6 19. Nd5 Bb7 20. Nxf6+ Qxf6 21. Bxb7
Rxb7 22. d5 Rbb8 23. Bc1 Qd8 24. Bb2 Re8 25. Bxg7 Nxg7 26. Nd4 Qd7 27. Kg2 Rxe1
28. Rxe1 Re8 29. Rxe8 Qxe8 30. Kf1 Qd7 31. Qf3 Kg8 32. g4 Qe7 33. Nc6 Qg5 34.
Qe2 Qf6 35. Qe7 Qxe7 36. Nxe7+ Kf8 37. Nc6 Ke8 38. a4 h5 39. h3 {(=)} 1/2-1/2

[Event "64. BEM 2010"]
[Site "Dortmund"]
[Date "2010.03.09"]
[Round "8.17"]
[White "Komenda, Thomas"]
[Black "Raabe, Hans-Ulrich"]
[Result "1/2-1/2"]
[WhiteElo "1461"]
[BlackElo "1338"]
[PlyCount "114"]
[EventDate "2010.??.??"]
[Source "SG Dortmund"]
[SourceDate "2004.12.16"]

1. d4 Nf6 2. c4 g6 3. Nc3 Bg7 4. e4 d6 5. Be2 O-O 6. g4 h6 7. Be3 e5 8. h4 Nxg4
9. Bxg4 Bxg4 10. Qxg4 exd4 11. Bxh6 Bxh6 12. Nce2 Qf6 13. Nf3 d3 14. Nc3 Qf4
15. Qxf4 Bxf4 16. Nd5 d2+ 17. Ke2 Bh6 18. Nxc7 Nc6 19. Nxa8 Rxa8 20. Nxd2 Nd4+
21. Kd1 Rc8 22. h5 Kg7 23. Nb3 Rxc4 24. Nxd4 Rxd4+ 25. Kc2 Rxe4 26. Kd3 Rf4 27.
hxg6 fxg6 28. Ke2 Rc4 29. b3 Rc2+ 30. Kf3 Bd2 31. a4 a5 32. Rad1 Bb4 33. Rd3
Bc5 34. Rf1 Kf6 35. Kg4 Re2 36. f3 Rg2+ 37. Kf4 Re2 38. Rh1 g5+ 39. Kg4 Rg2+
40. Kh3 Re2 41. Rh2 Re3 42. Rxe3 Bxe3 43. Re2 Bf4 44. Rb2 Be5 45. Rb1 Bc3 46.
Kg4 d5 47. Rd1 d4 48. f4 gxf4 49. Kxf4 Ke6 50. Ke4 Kd6 51. Rxd4+ Bxd4 52. Kxd4
Kc6 53. Kc4 b6 54. b4 axb4 55. Kxb4 Kb7 56. Kb5 Ka8 57. Kxb6 Kb8 1/2-1/2

[Event "64. BEM 2010"]
[Site "Dortmund"]
[Date "2010.03.09"]
[Round "8.18"]
[White "Hübel, Carsten"]
[Black "Rutmann, Ulrich"]
[Result "0-1"]
[WhiteElo "1344"]
[BlackElo "1357"]
[PlyCount "44"]
[EventDate "2010.??.??"]
[Source "SG Dortmund"]
[SourceDate "2004.12.16"]

1. c4 e5 2. Nc3 Nf6 3. g3 g6 4. Bg2 Bg7 5. d3 d6 6. Nf3 c6 7. O-O O-O 8. Rb1
Re8 9. Bd2 d5 10. cxd5 cxd5 11. Qc1 Nc6 12. Bg5 Bf5 13. Nh4 Be6 14. Qd2 Qd7 15.
f4 exf4 16. Qxf4 Ng4 17. Kh1 f6 18. Bh6 Nxh6 19. Nxd5 Bxd5 20. Bxd5+ Qxd5+ 21.
e4 Qe6 22. Qc7 Re7 0-1

[Event "64. BEM 2010"]
[Site "Dortmund"]
[Date "2010.03.09"]
[Round "8.19"]
[White "Marienfeld, Udo"]
[Black "Schirmer, Michael"]
[Result "1/2-1/2"]
[WhiteElo "1334"]
[BlackElo "1561"]
[PlyCount "34"]
[EventDate "2010.??.??"]
[Source "SG Dortmund"]
[SourceDate "2004.12.16"]

1. e4 Nf6 2. Nc3 d5 3. exd5 Nxd5 4. Nxd5 Qxd5 5. d4 Bf5 6. Nf3 Qe4+ 7. Be3 Qxc2
8. Qxc2 Bxc2 9. Rc1 Be4 10. Rxc7 Bc6 11. Bf4 e6 12. Rc8+ Kd7 13. Rxb8 Bb4+ 14.
Ke2 Raxb8 15. Bxb8 Rxb8 16. Ne5+ Ke7 17. Nxc6+ bxc6 1/2-1/2

[Event "64. BEM 2010"]
[Site "Dortmund"]
[Date "2010.03.09"]
[Round "8.20"]
[White "Benke, Werner"]
[Black "Strotmann, Dieter"]
[Result "1-0"]
[WhiteElo "1613"]
[BlackElo "1274"]
[PlyCount "127"]
[EventDate "2010.??.??"]
[Source "SG Dortmund"]
[SourceDate "2004.12.16"]

1. e4 c5 2. Nf3 e6 3. d4 cxd4 4. Nxd4 d6 5. g3 g6 6. Bg2 Bg7 7. O-O e5 8. Ne2
Ne7 9. Nd2 Nbc6 10. Nc4 O-O 11. Qxd6 Be6 12. Qxd8 Raxd8 13. Ne3 Rd7 14. c4 Nb4
15. b3 Rfd8 16. Ba3 Nec6 17. Bxb4 Nxb4 18. a3 Nc6 19. Nd5 Nd4 20. Nxd4 exd4 21.
Rad1 f5 22. Rfe1 fxe4 23. Bxe4 b5 24. Kg2 Kf8 25. Rd3 Re8 26. Rf3+ Rf7 27.
Rxf7+ Bxf7 28. f3 Bxd5 29. cxd5 Rc8 30. Rd1 Rc3 31. Rd3 Rc2+ 32. Kh3 a5 33.
Rxd4 Rxh2+ 34. Kxh2 Bxd4 35. a4 bxa4 36. bxa4 Ke7 37. Kh3 Kd6 38. Kg4 Kc5 39.
Kf4 Kb4 40. Bc2 Kc3 41. Bb1 Kb3 42. d6 Bf6 43. Ke4 Kxa4 44. Ba2 Kb5 45. Kd5 Kb6
46. Ke6 Bd8 47. Kd7 Bf6 48. Bg8 h6 49. Ke6 Bd8 50. f4 a4 51. Kf7 Kc6 52. Kxg6
Kxd6 53. Kxh6 a3 54. g4 Bf6 55. g5 Bd4 56. Kg6 Ke7 57. f5 Bc3 58. Bb3 Bd4 59.
f6+ Kf8 60. Kf5 Be3 61. Kg6 Bd4 62. Kf5 Be3 63. g6 Bh6 64. Bc4 {
mit Zugzwang. Schwarz gab auf.} 1-0

[Event "64. BEM 2010"]
[Site "Dortmund"]
[Date "2010.03.09"]
[Round "8.21"]
[White "Gennat, Egon L"]
[Black "Gitschel, Peter"]
[Result "1/2-1/2"]
[WhiteElo "1353"]
[BlackElo "1520"]
[PlyCount "72"]
[EventDate "2010.??.??"]
[Source "SG Dortmund"]
[SourceDate "2004.12.16"]

1. d4 Nf6 2. c4 g6 3. Nc3 Bg7 4. e4 d6 5. Be2 O-O 6. Bg5 Ne8 7. Qd2 f5 8. Bh6
fxe4 9. Bxg7 Nxg7 10. Nxe4 Bf5 11. Ng3 Nd7 12. Nf3 Nf6 13. h3 Bd7 14. O-O e6
15. Rfe1 Bc6 16. Rad1 Ne4 17. Nxe4 Bxe4 18. Ng5 Bc6 19. Bg4 Bd7 20. Nxe6 Bxe6
21. Bxe6+ Kh8 22. d5 Qf6 23. Re3 Rae8 24. Rde1 Qg5 25. Qd4 Rf6 26. Rg3 Qf4 27.
Qxf4 Rxf4 28. Rge3 Rxc4 29. Bd7 Rxe3 30. Rxe3 Rc2 31. Rb3 b6 32. g4 Kg8 33. Kf1
Rd2 34. Bc6 Kf8 35. Ke1 Rc2 36. Ba4 Rc4 1/2-1/2

[Event "64. BEM 2010"]
[Site "Dortmund"]
[Date "2010.03.09"]
[Round "8.23"]
[White "Jentzsch, Werner Wilfried"]
[Black "Militello, Luca"]
[Result "1/2-1/2"]
[WhiteElo "1441"]
[BlackElo "1025"]
[PlyCount "56"]
[EventDate "2010.??.??"]
[Source "SG Dortmund"]
[SourceDate "2004.12.16"]

1. d4 d5 2. Nc3 Nf6 3. Bf4 Bd7 4. e3 e6 5. Bd3 c5 6. dxc5 Bxc5 7. Nf3 Qb6 8.
Rb1 Nh5 9. Bxb8 Rxb8 10. Ne5 Nf6 11. Nxd7 Nxd7 12. a3 Bd6 13. b4 a6 14. Ne2 Ne5
15. Nd4 Nxd3+ 16. cxd3 O-O 17. O-O Rbc8 18. Rc1 Be5 19. Nb3 Bb2 20. Rxc8 Rxc8
21. Nc5 Bxa3 22. Qf3 Qxb4 23. Nd7 Qd6 24. Nf6+ gxf6 25. Qxf6 Qf8 26. f4 Rc1 27.
Qg5+ Qg7 28. Qd8+ Qf8 {(=)} 1/2-1/2

[Event "64. BEM 2010"]
[Site "Dortmund"]
[Date "2010.03.09"]
[Round "8.24"]
[White "Hast, Stefan"]
[Black "Tekin, Baran"]
[Result "0-1"]
[WhiteElo "1231"]
[BlackElo "948"]
[PlyCount "36"]
[EventDate "2010.??.??"]
[Source "SG Dortmund"]
[SourceDate "2004.12.16"]

1. e4 e6 2. Bc4 d5 3. Bd3 Bd7 4. Nf3 c5 5. exd5 exd5 6. O-O Nf6 7. Ne5 Be6 8.
Re1 c4 9. Bf1 Bd6 10. Ng4 O-O 11. Nxf6+ Qxf6 12. Nc3 Nc6 13. Re3 Qh6 14. g3 d4
15. Nb5 dxe3 16. Nxd6 exf2+ 17. Kxf2 Qxh2+ 18. Kf3 Qh5+ 0-1

[Event "64. BEM 2010"]
[Site "Dortmund"]
[Date "2010.03.09"]
[Round "8.25"]
[White "Schlepütz, Volker"]
[Black "Schrimpl, Michael"]
[Result "0-1"]
[WhiteElo "1216"]
[BlackElo "1496"]
[PlyCount "66"]
[EventDate "2010.??.??"]
[Source "SG Dortmund"]
[SourceDate "2004.12.16"]

1. d4 Nf6 2. c4 c5 3. Nf3 g6 4. Nc3 cxd4 5. Nxd4 Bg7 6. Nf3 O-O 7. e4 d6 8. Be2
Nc6 9. Bd2 Qb6 10. Qc1 Ng4 11. O-O Nd4 12. Nxd4 Bxd4 13. Be1 Bd7 14. Qd2 Bg7
15. h3 Nf6 16. Rb1 Rac8 17. Nd5 Nxd5 18. exd5 e6 19. dxe6 Bxe6 20. b3 Rfd8 21.
Qb4 Qxb4 22. Bxb4 b6 23. Bf3 d5 24. cxd5 Bxd5 25. Bxd5 Rxd5 26. Rbc1 Rcd8 27.
Be7 Re8 28. Rc7 a5 29. Rfc1 f5 30. Rb7 Bd4 31. Rcc7 Re5 32. Bd6 R5e6 33. Rxh7
Rxd6 0-1

[Event "64. BEM 2010"]
[Site "Dortmund"]
[Date "2010.03.09"]
[Round "8.26"]
[White "Rüttiger, Volker"]
[Black "Krüger, Inge"]
[Result "1/2-1/2"]
[WhiteElo "1213"]
[BlackElo "1390"]
[PlyCount "136"]
[EventDate "2010.??.??"]
[Source "SG Dortmund"]
[SourceDate "2004.12.16"]

1. e4 e6 2. d3 d5 3. Nd2 Nf6 4. Qe2 Be7 5. g3 O-O 6. Bg2 c6 7. Ngf3 dxe4 8.
dxe4 Nbd7 9. O-O e5 10. Rd1 Qc7 11. b3 Re8 12. Bb2 Bf8 13. Nh4 b6 14. Nf5 Bb7
15. h4 g6 16. Ne3 Rad8 17. Ng4 Bg7 18. Nxf6+ Bxf6 19. h5 Bg7 20. Nc4 Ba6 21. a4
Nf8 22. hxg6 Nxg6 23. Qf3 Rxd1+ 24. Rxd1 Rd8 25. Ne3 Bc8 26. Bf1 Rxd1 27. Qxd1
Bf6 28. Nf5 Bg7 29. Nxg7 Kxg7 30. Ba3 c5 31. Bb2 f6 32. Bc4 Qe7 33. Bc1 Bb7 34.
Qd3 Bc6 35. Kf1 Nf8 36. Qe2 Bd7 37. Qh5 Kh8 38. Bh6 Be8 39. Qg4 Ng6 40. Qe6
Qxe6 41. Bxe6 Bc6 42. f3 b5 43. axb5 Bxb5+ 44. Ke1 a5 45. Be3 Nf8 46. Bd5 Nd7
47. c4 Ba6 48. Bd2 a4 49. bxa4 Nb6 50. a5 Nxc4 51. Bxc4 Bxc4 52. Be3 Ba6 53.
Bxc5 Kg7 54. Kf2 Kf7 55. Ke3 Ke6 56. f4 exf4+ 57. Kxf4 h5 58. Bd4 Bb5 59. Bc3
Ba6 60. e5 fxe5+ 61. Bxe5 Be2 62. Ke3 Ba6 63. Bf4 Kd5 64. Kf3 Kc5 65. Bc7 Kc6
66. Bb6 Bc8 67. Kf4 Bg4 68. Kg5 Kb7 1/2-1/2

[Event "64. BEM 2010"]
[Site "Dortmund"]
[Date "2010.03.09"]
[Round "8.27"]
[White "Wangrin, Stefan A"]
[Black "Schoppe, Hans-Werner"]
[Result "0-1"]
[WhiteElo "1076"]
[BlackElo "1224"]
[PlyCount "110"]
[EventDate "2010.??.??"]
[Source "SG Dortmund"]
[SourceDate "2004.12.16"]

1. e4 c5 2. Nf3 {(=)} 2... Nc6 3. Bc4 e6 4. a3 Bd6 5. d3 h6 6. Nc3 a6 7. Ne2 b5
8. Ba2 Ne5 9. Ng3 Nf6 10. Nxe5 Bxe5 11. Nh5 Nxh5 12. Qxh5 Qf6 13. h4 Bxb2 14.
Bxb2 Qxb2 15. Qd1 Qc3+ 16. Ke2 Bb7 17. Re1 d5 18. Kf1 dxe4 19. Re3 Rd8 20. Bxe6
Qf6 21. Bh3 O-O 22. g3 c4 23. Bg2 cxd3 24. cxd3 Rfe8 25. Qb1 Rd4 26. Ra2 Red8
27. Rd2 Ra4 28. d4 Rdxd4 29. Rxd4 Rxd4 30. f3 Qd6 31. Re1 g6 32. fxe4 Qxg3 33.
Qc2 Qd3+ 34. Qxd3 Rxd3 35. e5 Bxg2+ 36. Kxg2 Rxa3 37. e6 fxe6 38. Rxe6 Kf7 39.
Rb6 Ra4 40. Kg3 b4 41. h5 gxh5 42. Rxh6 a5 43. Rxh5 b3 44. Rh1 b2 45. Kf3 Ra1
46. Rh7+ Kg6 47. Rb7 b1=Q 48. Rxb1 Rxb1 49. Ke2 a4 50. Kd2 a3 51. Kc3 a2 52.
Kc4 {(=)} 52... a1=Q 53. Kd5 Qc3 54. Kd6 Rd1+ 55. Ke7 Qe3+ {
und Weiss ueberschritt die Zeit ...} 0-1

[Event "64. BEM 2010"]
[Site "Dortmund"]
[Date "2010.03.09"]
[Round "8.28"]
[White "Schaefer, Ulrich"]
[Black "Müller, Michaela"]
[Result "1/2-1/2"]
[WhiteElo "1231"]
[BlackElo "1042"]
[PlyCount "148"]
[EventDate "2010.??.??"]
[Source "SG Dortmund"]
[SourceDate "2004.12.16"]

1. d4 e6 2. e4 d5 3. e5 Bb4+ 4. c3 Be7 5. Qg4 g6 6. Bd3 Bf8 7. Nh3 Bh6 8. Bxh6
Nxh6 9. Qf4 Nf5 10. g4 Nh4 11. Rg1 h6 12. g5 Nf5 13. Bxf5 hxg5 14. Nxg5 exf5
15. Nd2 Qe7 16. O-O-O Bd7 17. e6 Bxe6 18. Rde1 Rg8 19. Re3 Nc6 20. Rge1 Nd8 21.
c4 c6 22. Re5 Rc8 23. Kb1 Kf8 24. Nxe6+ fxe6 25. cxd5 cxd5 26. Rxd5 Rc6 27. Qb8
Kf7 28. Qf4 Qf6 29. Rd7+ Ke8 30. Rc7 Rxc7 31. Qxc7 Rg7 32. Qf4 Re7 33. Nc4 Kf7
34. Qh6 Ke8 35. Ne5 Qg7 36. Qxg6+ Qxg6 37. Nxg6 Rd7 38. Rd1 Rd5 39. Nf4 Rd6 40.
Kc2 Kf7 41. Nd3 Kf6 42. Ne5 Nc6 43. Nxc6 bxc6 44. Rd3 Rd7 45. h4 Kg6 46. Kc3
Kh5 47. Rh3 Rg7 48. Rg3 Rb7 49. Rh3 a6 50. f3 Rb5 51. a4 Rb7 52. b4 Rb8 53. Kc4
Rb7 54. Rh1 Rb8 55. Re1 Re8 56. Kc5 Kxh4 57. Kxc6 Rc8+ 58. Kb7 Rc4 59. b5 axb5
60. axb5 Rxd4 61. Rxe6 Kg3 62. Rf6 Rd5 63. Kc6 Re5 64. b6 Kf4 65. b7 Re8 66.
Rd6 Kxf3 67. Kc7 Re7+ 68. Rd7 Re8 69. Rd8 Re7+ 70. Kb8 Rxb7+ 71. Kxb7 f4 72.
Rd3+ Ke4 73. Rh3 f3 74. Rh4+ Ke3 1/2-1/2

[Event "64. BEM 2010"]
[Site "Dortmund"]
[Date "2010.03.09"]
[Round "8.29"]
[White "Weih, Kurt"]
[Black "Böckmann, Lieselotte"]
[Result "0-1"]
[WhiteElo "1356"]
[BlackElo "922"]
[PlyCount "80"]
[EventDate "2010.??.??"]
[Source "SG Dortmund"]
[SourceDate "2004.12.16"]

1. e4 e6 2. Nf3 c5 3. Nc3 Nc6 4. Be2 Nd4 5. Nxd4 cxd4 6. Nb1 Bc5 7. d3 h6 8.
O-O e5 9. Nd2 Nf6 10. f4 d6 11. fxe5 dxe5 12. Nc4 Qe7 13. a4 a5 14. Kh1 Be6 15.
Nxe5 g5 16. Bh5 O-O-O 17. Qf3 Nxh5 18. Qxh5 Rdf8 19. Bd2 Rhg8 20. Bxa5 g4 21.
Bd2 Bd6 22. Nc4 Bxc4 23. dxc4 Be5 24. Rf5 f6 25. b4 Qd6 26. c5 Qe6 27. b5 d3
28. cxd3 Bxa1 29. Rd5 Be5 30. d4 Bxh2 31. Qxh2 g3 32. Qg1 Qxe4 33. Rh5 Rd8 34.
Bc3 Rg4 35. Qd1 Rh4+ 36. Rxh4 Qxh4+ 37. Kg1 Qh2+ 38. Kf1 Qh1+ 39. Ke2 Re8+ 40.
Kd2 Qxd1+ 0-1

[Event "64. BEM 2010"]
[Site "Dortmund"]
[Date "2010.03.09"]
[Round "8.30"]
[White "Rabe, Mark"]
[Black "Wilkins, Petra"]
[Result "1-0"]
[WhiteElo "948"]
[BlackElo "783"]
[PlyCount "31"]
[EventDate "2010.??.??"]
[Source "SG Dortmund"]
[SourceDate "2004.12.16"]

1. e4 d6 2. Bc4 Nd7 3. Qf3 Ngf6 4. d3 e5 5. Nc3 c6 6. Nh3 h6 7. Be3 Be7 8.
O-O-O O-O 9. d4 b5 10. Bb3 Bb7 11. Qg3 Qc7 12. Bxh6 g6 13. f4 exf4 14. Nxf4
Rfe8 15. Qxg6+ Kh8 16. Qg7# 1-0

[Event "64. BEM 2010"]
[Site "Dortmund"]
[Date "2010.03.09"]
[Round "8.32"]
[White "Riepe, Markus"]
[Black "Reker, Gerhard"]
[Result "1-0"]
[WhiteElo "804"]
[BlackElo "772"]
[PlyCount "69"]
[EventDate "2010.??.??"]
[Source "SG Dortmund"]
[SourceDate "2004.12.16"]

1. d4 e6 2. c4 d5 3. Nf3 dxc4 4. Nc3 Nf6 5. Bg5 Bb4 6. e3 O-O 7. Bxc4 Be7 8.
O-O Nc6 9. a3 Nd5 10. Bxe7 Ncxe7 11. Ne5 f6 12. Ng4 Nf5 13. e4 Nxc3 14. bxc3
Nd6 15. Ne3 Nxe4 16. Qd3 Ng5 17. Rab1 b6 18. Rfe1 Rf7 19. Nc2 Qd6 20. h4 Qf4
21. Qg3 Qf5 22. Ne3 Ne4 23. Nxf5 Nxg3 24. Nxg3 Bd7 25. Bxe6 Bxe6 26. Rxe6 Raf8
27. Rbe1 h6 28. c4 Rd8 29. Nf5 Kh7 30. h5 g6 31. hxg6+ Kxg6 32. Ne7+ Kg7 33.
Nc6 Ra8 34. d5 Rd7 35. Ne5 1-0

[Event "64. BEM 2010"]
[Site "Dortmund"]
[Date "2010.03.11"]
[Round "9.1"]
[White "Begna, Bozidar"]
[Black "Heinzel, Olaf"]
[Result "1-0"]
[WhiteElo "1958"]
[BlackElo "2304"]
[PlyCount "87"]
[EventDate "2010.??.??"]
[Source "SG Dortmund"]
[SourceDate "2004.12.16"]

1. e4 d5 2. d3 dxe4 3. dxe4 Qxd1+ 4. Kxd1 Nc6 5. Be3 Bd7 6. Nd2 g6 7. Bc4 Bg7
8. c3 Nh6 9. f3 f5 10. Ne2 fxe4 11. Nxe4 Nf5 12. Bg1 O-O-O 13. Kc2 Ne5 14. Bb3
Nh4 15. f4 Nc6 16. Ng5 Bf5+ 17. Kc1 Nxg2 18. Be6+ Bxe6 19. Nxe6 Bh6 20. Nxd8
Rxd8 21. Kc2 Nxf4 22. Ng3 e5 23. Ne4 Ne7 24. Bf2 Nf5 25. Rad1 Rf8 26. Rde1 Ng2
27. Re2 Nge3+ 28. Kb3 Bf4 29. Rhe1 Ng4 30. Bg3 g5 31. Bxf4 gxf4 32. Ng5 h5 33.
Nf3 Nfe3 34. h3 e4 35. Nd2 Nf6 36. Rg1 {Schwarz steht besser, doch der
folgende Lapsus stellt den Bauern e4, die Partie und damit den zu diesem
Zeitpunkt noch moeglichen Turniersieg ein ...} 36... Nfd5 $4 ({Womoeglich,
wenngleich unter dem herrschenden Zeitdruck schwer zu entscheiden, konnte
Schwarz seinen Koenig bereits zentralisieren. Nach} 36... Kd7 37. Rg7+ Kd6 {
ist nicht zu sehen, wie Weiss seine Stellung verbessern koennte. - Schulenburg}
) 37. Nxe4 a5 38. a4 f3 39. Rf2 Rf4 40. Nd2 Rf6 41. Rxf3 Re6 42. Rg7 Kb8 43.
Rh7 Rb6+ 44. Ka2 1-0

[Event "64. BEM 2010"]
[Site "Dortmund"]
[Date "2010.03.11"]
[Round "9.2"]
[White "Brockmann, Michael"]
[Black "Schütte, Tobias"]
[Result "1-0"]
[WhiteElo "2063"]
[BlackElo "1980"]
[PlyCount "49"]
[EventDate "2010.??.??"]
[Source "SG Dortmund"]
[SourceDate "2004.12.16"]

1. d4 Nf6 2. Nf3 d6 3. c4 Nbd7 4. Nc3 e5 5. Qc2 c6 6. e3 Be7 7. Bd3 Qc7 8. O-O
O-O 9. h3 Re8 10. a3 Nf8 11. b4 h6 12. Bb2 Be6 13. Rac1 g5 14. dxe5 dxe5 15.
Nxe5 Bxh3 16. gxh3 Qxe5 17. Nd5 Qd6 18. Nxe7+ Qxe7 19. Qc3 N8d7 20. Bf5 Qe5 21.
Qc2 Qe7 22. Rcd1 Rad8 23. Qc3 Qe5 24. Qxe5 Nxe5 25. Rxd8 1-0

[Event "64. BEM 2010"]
[Site "Dortmund"]
[Date "2010.03.11"]
[Round "9.3"]
[White "Lindam, Ingo"]
[Black "Simon, Thomas"]
[Result "1-0"]
[WhiteElo "2076"]
[BlackElo "1885"]
[PlyCount "59"]
[EventDate "2010.??.??"]
[Source "SG Dortmund"]
[SourceDate "2004.12.16"]

1. d4 Nf6 2. Bg5 Ne4 3. h4 c5 4. dxc5 Nc6 5. Nd2 Nxc5 6. e4 d6 7. Bc4 Ne5 8.
Qe2 Nxc4 9. Nxc4 Be6 10. O-O-O Bxc4 11. Qxc4 Rc8 12. e5 Nd7 13. Qa4 dxe5 14.
Rh3 e4 15. Qxe4 Qc7 16. Rc3 Nc5 17. Qe3 f6 18. Bf4 e5 19. Nf3 Rd8 20. Rxd8+
Qxd8 21. Bxe5 Kf7 22. Bd4 Ne6 23. Bxa7 Bd6 24. Bb6 Qd7 25. Qd3 Re8 26. Be3 b5
27. Qxh7 Bb4 28. Rd3 Qc7 29. Qh5+ Kg8 30. Qxe8+ 1-0

[Event "64. BEM 2010"]
[Site "Dortmund"]
[Date "2010.03.11"]
[Round "9.4"]
[White "Schiefelbusch, Dirk"]
[Black "Borjini, Faouzi"]
[Result "0-1"]
[WhiteElo "2125"]
[BlackElo "1919"]
[PlyCount "98"]
[EventDate "2010.??.??"]
[Source "SG Dortmund"]
[SourceDate "2004.12.16"]

1. b4 b6 2. Bb2 Bb7 3. e3 e6 4. Nf3 Nf6 5. b5 Be7 6. c4 O-O 7. Be2 d5 8. cxd5
Nxd5 9. O-O Bf6 10. d4 c5 11. Nbd2 cxd4 12. Nxd4 e5 13. N4f3 e4 14. Nd4 Re8 15.
Nc4 Qc7 16. Rc1 Nd7 17. Na5 Nc5 18. Nxb7 Qxb7 19. Qd2 Red8 20. Rfd1 Ne7 21. Qb4
Rd7 22. a4 Rad8 {(=)} 23. h3 Qd5 24. Qa3 Qg5 25. Qa2 Nf5 26. Nxf5 Rxd1+ 27.
Rxd1 Rxd1+ 28. Bxd1 Qxf5 29. Bg4 Qg5 30. Bxf6 Qxf6 31. Qd5 g6 32. Qa8+ Kg7 33.
Qxa7 Nd3 34. f4 h5 35. Bd7 {Der Verlauf der Partie ist ab hier eine
eindrucksvolle Demonstration der sehr unterschiedlichen Gefaehrlichkeiten von
Dame/Laeufer einerseits und Dame/Springer andererseits. Im unmittelbaren
Angriff auf eine Koenigsstellung ist das Angriffsduo Dame/Springer beinahe
immer ueberlegen. Man sehe:} 35... h4 36. Be8 Qe6 37. Qd7 Qa2 38. Kh2 Kf8 39.
Qd8 Qf2 40. Bc6+ Kg7 41. Qd4+ Kh7 42. Bxe4 Qg3+ 43. Kg1 Qe1+ 44. Kh2 Nf2 45. g4
hxg3+ 46. Kxg3 Nxe4+ 47. Kf3 Nd2+ 48. Kg2 Qe2+ 49. Kg3 Nf1+ {
nebst Matt im naechsten Zug! - Schulenburg} 0-1

[Event "64. BEM 2010"]
[Site "Dortmund"]
[Date "2010.03.11"]
[Round "9.5"]
[White "Zachos, Ingo"]
[Black "Hoppe, Dirk"]
[Result "1-0"]
[WhiteElo "2024"]
[BlackElo "1828"]
[PlyCount "153"]
[EventDate "2010.??.??"]
[Source "SG Dortmund"]
[SourceDate "2004.12.16"]

1. b3 e5 2. Bb2 d6 3. c4 Nf6 4. g3 Be7 5. Bg2 O-O 6. Nf3 c6 7. O-O Bg4 8. c5
Nbd7 9. cxd6 Bxd6 10. d3 Qe7 {(=)} 11. Nbd2 Rfe8 12. Nc4 Bc7 13. Ba3 Qe6 14.
Ne3 Bxf3 15. Bxf3 Rad8 16. Qc2 e4 17. dxe4 Nxe4 18. Bg4 Qe5 19. Nc4 Qc3 20.
Rac1 Qxc2 21. Rxc2 Ne5 22. Nxe5 Bxe5 23. Bf5 Nd6 24. Bd3 a6 25. Bc5 g6 26. Bb6
Rd7 27. Kg2 Nc8 28. Be3 Ne7 29. Bc5 Nd5 30. Rfc1 Bd6 31. a3 Bxc5 32. Rxc5 Nc7
33. Kf1 Ne6 34. Re5 Red8 35. b4 Kf8 36. h4 Rd5 37. Re3 Nd4 38. Be4 R5d6 39. a4
h6 40. Rec3 Kg7 41. e3 Ne6 42. b5 axb5 43. axb5 cxb5 44. Bxb7 Rb6 45. Be4 b4
46. Rb3 Rb5 47. Bd3 Nc5 48. Bxb5 Nxb3 49. Rc7 Nd2+ 50. Ke2 b3 51. Bc4 b2 52.
Rxf7+ Kh8 53. Ba2 Ra8 $4 54. Kxd2 Rxa2 55. Kc2 Kg8 56. Rf4 Kg7 57. Kb1 Ra5 58.
Kxb2 Rc5 59. Kb3 Rc1 60. Rc4 Rb1+ 61. Kc2 Rf1 62. Rf4 Ra1 63. Kd3 g5 64. hxg5
hxg5 65. Rc4 Rf1 66. Ke2 Ra1 67. Kf3 Ra2 68. Rc6 Rb2 69. g4 Ra2 70. Kg3 Re2 71.
Rc3 Kf6 72. f4 Re1 73. Kf2 Ra1 74. Rc6+ Kf7 75. Kf3 Rf1+ 76. Ke4 Rg1 77. Kf5
1-0